000 00980nam a2200337 i 4500
003 EG-GICUC
005 20260121101748.0
008 260120s1970 fr ||||fr|||| 000 0 fre d
020 _a
040 _aEG-GiCUC
_bfre
_cEG-GiCUC
_dEG-GiCUC
_eRda
082 0 4 _221
_a338.9
_bMA . C
092 0 4 _221
099 _aLaw1 13 338.9 MA . C 1970
100 1 _aMactoux, Serge
_eAuteur
245 1 3 _aLa Croissance Et Les Systèmes Économiques /
_b
_cSerge Mactoux.
250 _a
264 1 _aParis :
_bScodel,
_c1970.
300 _a263 page :
_billustration ;
_c 24 cm.
336 _2rda contenu
_a texte
337 _2rda medias
_aOrdinateur
338 _2 transporteur rda
_a Ressource en ligne
490 _a
500 _a
504 _a
546 _aTexte en français
650 1 4 _aFinances publiques et législation fiscale
_2
651 1 _2
856 4 0 _uhttps://fll.law.cu.edu.eg/fulltext/bks/B13-09444.pdf
905 _a50
942 _2ddc
_cBK
_e21
_n0
999 _c58297
_d58297